|
|
|
|
| LEADER |
00000nam0a2200000 4500 |
| 001 |
118952 |
| 005 |
20231031124353.0 |
| 035 |
|
|
|a (RuTPU)RU\TPU\book\128723
|
| 090 |
|
|
|a 118952
|
| 100 |
|
|
|a 20070620d1975 k a0rusy5003 ca
|
| 101 |
0 |
|
|a rus
|
| 102 |
|
|
|a LV
|
| 105 |
|
|
|a a z 001zy
|
| 200 |
1 |
|
|a Термолиз гумифицированных видов сырья
|f К. М. Абеле [и др.]
|g Академия наук Латвийской ССР (АН ЛатССР), Институт химии древесины ; отв. ред. А. Я. Калниньш
|
| 210 |
|
|
|a Рига
|c Зинатне
|d 1975
|
| 215 |
|
|
|a 140 с.
|c ил.
|
| 320 |
|
|
|a Библиография в конце глав.
|
| 610 |
1 |
|
|a гуминовые вещества
|
| 610 |
1 |
|
|a термическая обработка
|
| 610 |
1 |
|
|a термолиз
|
| 610 |
1 |
|
|a сырье
|
| 610 |
1 |
|
|a древесина
|
| 610 |
1 |
|
|a нагрев
|
| 610 |
1 |
|
|a торф
|
| 610 |
1 |
|
|a сапропели
|
| 610 |
1 |
|
|a аппаратура
|
| 675 |
|
|
|a 662
|v 3
|
| 701 |
|
1 |
|a Абеле
|b К. М.
|g Карл Марцевич
|
| 701 |
|
1 |
|a Биете
|b В. Г.
|g Вия Гариевна
|
| 701 |
|
1 |
|a Бракш
|b Н. А.
|g Николай Андреевич
|
| 701 |
|
1 |
|a Зиемелис
|b У. К.
|g Улдис Карлович
|
| 701 |
|
1 |
|a Дубава
|b Л. К.
|g Лаума Карловна
|
| 701 |
|
1 |
|a Далбиня
|b М. Я.
|g Милда Яновна
|
| 701 |
|
1 |
|a Кристоне
|b А. Р.
|g Аусма Рудольфовна
|
| 702 |
|
1 |
|a Калниньш
|b А. Я.
|g Арвид Янович
|4 340
|
| 712 |
0 |
2 |
|a Академия наук Латвийской ССР (АН ЛатССР)
|b Институт химии древесины
|2 stltpush
|3 (RuTPU)RU\TPU\col\10627
|
| 801 |
|
0 |
|a RU
|b RuMRKP
|c 19950704
|g psbo
|
| 801 |
|
1 |
|a RU
|b 63413507
|c 20070620
|g PSBO
|
| 801 |
|
2 |
|a RU
|b 63413507
|c 20190617
|g PSBO
|
| 942 |
|
|
|c BK
|